Quizzes
Events
Quiz Creation
Community
Videos
Private Events
Remove Ads
Sign In
Join for FREE
Feedback
Dark Mode
Quiz Categories
Sports
Geography
Music
Movies
Television
Just For Fun
Miscellaneous
History
Literature
Language
Science
Gaming
Entertainment
Religion
Holiday
For Kids
Quiz Lab
Recent
Popular Today
Quiz Kudos Today
Editor Picks
Curator Picks
Quizzes by...
Day
Popularity
Type
Ratings
Length
Year
Community
Subscriptions
Recent Discussions
Orange Saloon
Badges
Playlists
Quests
Create
Leaderboards
Showdown
Live 5
Trivia Bingo
Activity
Puzzle Library
Sporcle Events
Private Events
Virtual Trivia
Globe League
Become a Host
Pub Owners
SporcleCon
Opinionation
Our Games
Videos
Blog
Mobile Apps
Partnerships
Remove Ads and Go Orange
Feedback
Sports
Athletes
MLB
NBA
NHL
NFL
Soccer
Sports Teams
WWE
NCAA
Football
Premier League
Basketball
Baseball
Hockey
Golf
Tennis
Cricket
Rugby
Auto Racing
Olympics
World Cup
Sports
Athletes
MLB
NBA
NHL
NFL
Soccer
Sports Teams
WWE
NCAA
Football
Premier League
Basketball
Baseball
Hockey
Golf
Tennis
Cricket
Rugby
Auto Racing
Olympics
World Cup
Random Quiz
Search Sporcle
×
Quiz Lab
Quiz Lab
Sports
Soccer
Type in answers that appear in a list
Type in answers that appear in a list
Classic
Best Score? Go Orange.
World Football Rivalries Stats
Can you name the popular world Football (soccer) rivalries?
By
Dvisor
8m
39 Questions
554 Plays
554 Plays
554 Plays
Comments
Comments
Give Quiz Kudos
Give Quiz Kudos
-
- Ratings
hide this ad
Forced Order
Answers have to be entered in order
Answers have to be entered in order
Replay
Link that replays current quiz
Next Quiz
Link to next quiz in quiz playlist
You Got
0%
They Got
Avg Score
49%
Avg Friend Score
Upgrade to see
Score Distribution
Jump to the score distribution portion of the page
Score
0/39
Timer
08:00
0
Plays Today
Rival 1
Rival 2
% Correct
Liverpool
Everton
91.5%
Inter Milan
AC Milan
84.7%
Real Madrid
Barcelona
84.3%
Rangers
Celtic
82.9%
Atletico Madrid
Real Madrid
81.8%
Arsenal
Tottenham Hotspur
79.2%
Birmingham City
Aston Villa
78.9%
Porto
Benfica
75.5%
Roma
Lazio
75.5%
Argentina
Brazil
68.4%
USA
Mexico
66.8%
Boca Juniors
River Plate
65.9%
England
Germany
65.5%
Marseille
Paris Saint Germain
64.4%
Fenerbahçe
Galatasaray
61.7%
Ajax
Feyenoord
61.4%
Portsmouth
Southampton
60.8%
West Ham Utd
Millwall
54%
Hearts
Hibernian
54%
Lyon
Marseille
53.8%
Rival 1
Rival 2
% Correct
Juventus
Inter Milan
49.3%
Olympiacos
Panathinaikos
48.4%
Newcastle Utd
Middlesbrough
43.3%
Dynamo Kyiv
Shakhtar Donetsk
37%
Roma
Napoli
36.8%
São Paulo
Corinthians
33.2%
Chivas USA
LA Galaxy
28.3%
Borussia Dortmund
Schalke 04
28.3%
Steaua Bucharest
Dinamo Bucharest
26.4%
Brøndby
Copenhagen
23.3%
Houston Dynamo
FC Dallas
23.1%
Dinamo Zagreb
Hajduk Split
22.2%
Kaizer Chiefs
Orlando Pirates
19.5%
Zamalek
Al-Ahly
19.5%
Club America
Cruz Azul
15.7%
Shamrock Rovers
Bohemians
15.5%
Flamengo
Vasco da Gama
12.3%
Bayern Munich
Nuremberg
9.4%
Sydney FC
Melbourne Victory
6%
Quiz Playlist
Details
Report
Send in Message
Add To Playlist
Classic:
Type in answers that appear in a list
Forced Order:
Answers have to be entered in order
Quiz Source
Last Updated: Feb 16, 2017
Quiz Scoreboard
CHALLENGE
Sign Up to Join the Scoreboard
Show All
Scores
Hide
Comments
May contain spoilers
Recently Published
NBA Finals Game Top Scorers (2010s)
by flibbidy
Sports
5m
Guess the 'R' Things in 3 Words
by MSUKent
Miscellaneous
3m
Actor to Badly Drawn Movie III
by MoMosMoProblems
Movies
5m
More to Explore
Quiz From the Vault
Featured Blog Post
Where Does Lost Luggage Go?
hide this ad
You Might Also Like...
Tags
Football Quiz
Soccer Quiz
World Quiz
Derby
Rival
Today's Top Quizzes in Sports
Browse Sports
hide this ad
Today's Top Quizzes in Soccer
Browse Soccer
Top Contributed Quizzes in Sports
1
Les joueurs à 100 buts en Ligue 1 Uber Eats
2
2022 World Cup Stars
3
2024 March Madness Bracket
4
Millionaire: NBA Finals Edition
5
Players with Multiple 50 Home Run Seasons
6
Nickname Match: Athletes VI
7
Criteria MLB: Left Handed Sluggers
8
Iconic Moments in Football - Multiple Choice
9
NFL MVPs ordered
10
First NBA MVP by Team
Explore More
Trending Topics
Anime
NBA
Disney
Marvel
Kpop
Crossword
Harry Potter
Pokémon
Song
Puzzle
NFL
The Office
Country
WWE
Soccer
hide this ad
More By:
Dvisor
Quiz
Plays
Rating
Category
Featured
Created
GTA V Main Characters
4,912
2.63
Gaming
Oct 15, 2013
NCIS: LA Characters
4,393
2.86
Television
Jun 5, 2010
World Football Rivalries
554
3.33
Sports
Jun 4, 2010
Football...Who Plays For Who? (click)
539
4.30
Sports
Sep 17, 2013
Clash of Clans Troops
378
4.00
Gaming
Jul 23, 2014
Go to Creator's Profile
Score Distribution
Quiz Creator Spotlight
Dvisor
Follow
Send a Message
Quizzes Created
-
Created Quiz Play Count
-
More By This Creator
Popular Quizzes Today
1
Find the US States - No Outlines Minefield
2
Find the US States
3
The Countries of the World
4
10 Largest US States in Order
5
Find the Countries of Europe - No Outlines Minefield
6
US States
7
Guess the 'R' Things in 3 Words
8
NBA Finals Game Top Scorers (2010s)
More Sports Quizzes
NBA Crossword: 2020 All-Star Starters
Quiz Lab
Trending Quizzes
First Name TV: Leading Men
Match the Book to the Film II
3-Word Movies in 1 Word II
First Name TV: Leading Women Drama
Match the Book to the Film VI
Recently Updated
Women's Final Four Teams by Year
bhenderson79
Presidents Quartet II
eogle
Anything But Clue(do)
eogle
Anything But Oceanian Capitals
eogle
Anything But 7
eogle
Anything But Thing
eogle
Word Ladder: February 29
pecheneg
Song Title Questions
pecheneg
Women's NCAA Tournament #1 Seeds
pecheneg
Celebrity Mug Shots
pecheneg
Trending Topics
Crossword
Marvel
Kpop
NBA
Anime
Disney
Harry Potter
The Office
Song
Pokémon
Soccer
WWE
NFL
Puzzle
Country
Your Account Isn't Verified!
In order to create a playlist on Sporcle, you need to verify the email address you used during registration. Go to your
Sporcle Settings
to finish the process.
Report this User
Report this user for behavior that violates our
Community Guidelines
.
Details:
Send Report
Go to the Sporcle.com Mobile Site →
Comments